000 00345nam a22001217a 4500
020 _a0-85368-177-5
082 _a355.02 ADA'O
100 _aADAN, AVRAHAM (BREN)
_949388
245 _aON THE BANKS OF THE SUEZ AN ISRAALI GENERAL PERSONAL ACCOUNT OF THE YOM KIPPER WAR
260 _aLONDON
_bARMS AND ARMOUR
_c1980
300 _a497P
942 _cBK
999 _c580320
_d580320